000 00793nam a22002777a 4500
001 BR0201391
003 BR-BrBNA
005 20230928101037.0
007 ta
008 230509b bl.||||| |||| 00| 0 por d
040 _aBR-BrBNA
_bpor
_cBiblioteca Nacional de Agricultura
041 _a(Por)
072 _aE50; E21
090 _ E50 BR0201391
100 1 _aRocha, R. de F.
110 1 _aServiço de Apoio às Micro e Pequenas Empresas do Distrito Federal, Brasília, DF (Brasil)
_99296
245 1 _aSítio pedagógico
_bSérie Turismo Rural
260 3 _aBrasília, DF (Brasil):
_c2000.
300 _a65 p.
500 _a13 illus.
650 _aTURISMO
650 _aPROPRIEDADE RURAL
650 _aINDÚSTRIA AGRÍCOLA
909 _a202309
_bLucia
_c55
_dLucia Elande
942 _cBK
999 _c64008
_d64008